Vista normal Vista MARC

Entrada Personal Name

Número de registros utilizados en: 2

001 - CONTROL NUMBER

  • control field: 6340

003 - CONTROL NUMBER IDENTIFIER

  • control field: OSt

005 - DATE AND TIME OF LATEST TRANSACTION

  • control field: 20230915225840.0

008 - FIXED-LENGTH DATA ELEMENTS

  • fixed length control field: 230915|| aca||aabn | a|a d

040 ## - CATALOGING SOURCE

  • Original cataloging agency: OSt
  • Transcribing agency: OSt

100 ## - HEADING--PERSONAL NAME

  • Personal name: Urquidi, Victor L.; Morelos, Jose B

670 ## - SOURCE DATA FOUND

  • Source citation: Work cat.: (OSt)19165: Urquidi, Victor L.; Morelos, Jose B., Población y desarrollo en América Latina, El colegio de Mexico









Instituto Departamental de Cultura del Meta - Red Departamental de Bibliotecas Públicas del Meta.